Top-Torjäger der Bundesliga - Statistiken

Allgemein
  • Dieses Quiz wurde 220 mal gespielt
  • Das Durchschnittsergebnis liegt bei 7 aus 17
Antwortstatistiken
Tore Fußballspieler % Korrekt
365 Gerd Müller
99%
312 Robert Lewandowski
98%
150 Thomas Müller
97%
177 Dieter Müller
95%
197 Claudio Pizarro
54%
156 Marco Reus
47%
162 Karl-Heinz Rummenigge
44%
170 Mario Gómez
44%
268 Klaus Fischer
37%
220 Jupp Heynckes
24%
213 Manfred Burgsmüller
23%
181 Ulf Kirsten
22%
177 Klaus Allofs
20%
157 Fritz Walter
9%
179 Stefan Kuntz
7%
160 Bernd Hölzenbein
6%
166 Hannes Löhr
6%
Keine übereinstimmenden Quizze gefunden
Verteilung der Resultate
Anzahl Personen mit jedem Resultat
Perzentil nach korrekt beantworteten Fragen
Ihre Resultats-Entwicklung
Sie haben dieses Quiz noch nicht gespielt